TOOL albums - Statistics

General Stats
  • This quiz has been taken 640 times
    451 since last reset
  • The average score is 4 of 5
Answer Stats
Year Answer % Correct
2001 Lateralus
96%
2006 10,000 Days
95%
1996 Ænima
87%
1993 Undertow
86%
2019 Fear Inoculum
85%
No matching quizzes found
Score Distribution
Percent of People with Each Score
Percentile by Number Answered
Your Score History
You have not taken this quiz since the last reset